00245pam a2200109 a 4500020000500000041000800005082001700013100001900030245003800049260003200087300001600119 c aeng a823.912bLAW aLawrence, D.H. aWomen in Love hTextual Documents aNoidabUBS Publishersc2005 axx, 122 pg.